| 000 | 01517aam a2200565 4500 | ||
|---|---|---|---|
| 005 | 20260514121141.0 | ||
| 008 | 150408b xxu||||| |||| 00| 0 spa d | ||
| 020 | _a97884902106810 | ||
| 041 | _aESP | ||
| 082 | _a651.3 T255tec | ||
| 110 | _aInterconculting Bureau S.L. | ||
| 245 | _aTécnicas avanzadas de secretariado | ||
| 260 | _aEspaña | ||
| 260 | _bICB | ||
| 260 | _c2016 | ||
| 300 | _a163 páginas | ||
| 490 | _aSecretariado Ejecutivo | ||
| 650 | _aMANTENIMIENTO DE LA OFICINA | ||
| 650 | _aSECRETARIADO EJECUTIVO | ||
| 650 | _aFUNCIONES DE LA SECRETARIA | ||
| 650 | _aORGANIZACIÓN EMPRESARIAL | ||
| 650 | _aPLANIFICACIÓN | ||
| 650 | _aTIPOLOGÍA DE EMPRESAS | ||
| 650 | _aESTRUCTURA DE LA EMPRESA | ||
| 650 | _aORGANIGRAMAS | ||
| 650 | _aSOCIEDAD CIVIL | ||
| 650 | _aSOCIEDAD ANÓNIMA | ||
| 650 | _aSOCIEDAD COOPERATIVA | ||
| 650 | _aSOCIEDAD LABORAL | ||
| 650 | _aRESPONSABILIDAD LIMITADA | ||
| 650 | _aCOMUNICACIÓN | ||
| 650 | _aCOMUNICACIÓN EXTERNA | ||
| 650 | _aCOMUNICACIÓN INTERNA | ||
| 650 | _aGESTIÓN DE CRISIS | ||
| 650 | _aCOMUNICACIÓN INFORMAL | ||
| 650 | _aATENCIÓN TELEFÓNICA | ||
| 650 | _aDOCUMENTACIÓN | ||
| 650 | _aCORRESPONDENCIA | ||
| 650 | _aORGANIZACIÓN DEL TRABAJO | ||
| 650 | _aTELÉFONOS | ||
| 650 | _aACTA | ||
| 650 | _aCIRCULAR | ||
| 650 | _aMEMORANDO | ||
| 650 | _aINFORME | ||
| 650 | _aCARTA | ||
| 650 | _aCERTIFICADO | ||
| 650 | _aREUNIONES | ||
| 650 | _aPRESENTACIONES GRÁFICAS | ||
| 942 |
_cBK _2ddc |
||
| 999 |
_c9214 _d9214 |
||